Sports Quiz

Random Sports or MLB Quiz

MLB MVP's by Team Quiz Stats

 Plays Quiz not verified by Sporcle

Challenge
Share
Tweet
Embed
Score 0/44 Timer 06:00
0 Plays Today
Team Player % Correct
Pittsburgh PiratesBarry Bonds
99.3%
Pittsburgh PiratesBarry Bonds
99.3%
San Francisco GiantsBarry Bonds
99.3%
San Francisco GiantsBarry Bonds
99.3%
San Francisco GiantsBarry Bonds
99.3%
San Francisco GiantsBarry Bonds
99.3%
San Francisco GiantsBarry Bonds
99.3%
Atlanta BravesChipper Jones
98.8%
New York YankeesAlex Rodriguez
98.8%
New York YankeesAlex Rodriguez
98.8%
St. Louis CardinalsAlbert Pujols
98.8%
St. Louis CardinalsAlbert Pujols
98.8%
St. Louis CardinalsAlbert Pujols
98.8%
Texas RangersAlex Rodriguez
98.8%
Philadelphia PhilliesRyan Howard
98.6%
Texas RangersIvan Rodriguez
98.6%
Minnesota TwinsJoe Mauer
98.4%
Cincinnati RedsJoey Votto
97.9%
Detroit TigersJustin Verlander
97.7%
Milwaukee BrewersRyan Braun
97.5%
Philadelphia PhilliesJimmy Rollins
96.9%
Baltimore OriolesCal Ripken Jr.
96.5%
Team Player % Correct
Houston AstrosJeff Bagwell
96.4%
Boston Red SoxDustin Pedroia
96.2%
Texas RangersJosh Hamilton
96.2%
Seattle MarinersKen Griffey Jr.
96%
Seattle MarinersIchiro Suzuki
95.7%
Chicago CubsSammy Sosa
95.3%
Minnesota TwinsJustin Morneau
94.7%
Colorado RockiesLarry Walker
94.4%
Chicago White SoxFrank Thomas
94.1%
Chicago White SoxFrank Thomas
94.1%
Oakland AthleticsJason Giambi
93.1%
San Francisco GiantsJeff Kent
89.9%
Los Angeles AngelsVladimir Guerrero
89.6%
Cincinnati RedsBarry Larkin
89.2%
Texas RangersJuan Gonzalez
88.7%
Texas RangersJuan Gonzalez
88.7%
Oakland AthleticsMiguel Tejada
87.8%
San Diego PadresKen Caminiti
80.4%
Oakland AthleticsRickey Henderson
78.9%
Boston Red SoxMo Vaughn
76.6%
Oakland AthleticsDennis Eckersley
76.2%
Atlanta BravesTerry Pendleton
65.9%

You're not logged in!

Compare scores with friends on all Sporcle quizzes.
OR
Log In

You Might Also Like...

Show Comments

Extras

Top Quizzes Today


Score Distribution

Your Account Isn't Verified!

In order to create a playlist on Sporcle, you need to verify the email address you used during registration. Go to your Sporcle Settings to finish the process.

Report this User

Report this user for behavior that violates our Community Guidelines.

Details: